Basic fundamentals of geotechnical engineering / (Record no. 5687)
[ view plain ]
| 000 -LEADER | |
|---|---|
| fixed length control field | 00717nam a22002057a 4500 |
| 003 - CONTROL NUMBER IDENTIFIER | |
| control field | OSt |
| 005 - DATE AND TIME OF LATEST TRANSACTION | |
| control field | 20251117084132.0 |
| 008 - FIXED-LENGTH DATA ELEMENTS--GENERAL INFORMATION | |
| fixed length control field | 251117b |||||||| |||| 00| 0 eng d |
| 020 ## - INTERNATIONAL STANDARD BOOK NUMBER | |
| International Standard Book Number | 971-8510-52-4. |
| 040 ## - CATALOGING SOURCE | |
| Original cataloging agency | DWCL-Admin lib |
| Transcribing agency | OC |
| 082 ## - DEWEY DECIMAL CLASSIFICATION NUMBER | |
| Classification number | Fil. 624.1513 B554b 1998 |
| 100 ## - MAIN ENTRY--PERSONAL NAME | |
| Personal name | Besavilla, Venancio I., Jr. |
| 245 ## - TITLE STATEMENT | |
| Title | Basic fundamentals of geotechnical engineering / |
| Statement of responsibility, etc. | Venancio I. Besavilla, Jr. |
| 260 ## - PUBLICATION, DISTRIBUTION, ETC. | |
| Place of publication, distribution, etc. | Cebu City : |
| Name of publisher, distributor, etc. | VIB Publisher, |
| Date of publication, distribution, etc. | c1998. |
| 300 ## - PHYSICAL DESCRIPTION | |
| Extent | 930 p. : ill. ; |
| Dimensions | 21 cm. |
| 504 ## - BIBLIOGRAPHY, ETC. NOTE | |
| Bibliography, etc. note | Includes bibliographical references. |
| 650 ## - SUBJECT ADDED ENTRY--TOPICAL TERM | |
| Topical term or geographic name entry element | 1. Engineering geology-Problems, exercises, etc. |
| 650 ## - SUBJECT ADDED ENTRY--TOPICAL TERM | |
| Topical term or geographic name entry element | 2. Soil mechanics-Problems, exercises, etc. |
| 942 ## - ADDED ENTRY ELEMENTS (KOHA) | |
| Source of classification or shelving scheme | Dewey Decimal Classification |
| Koha item type | Book-Filipiniana |
| Call number prefix | Fil. |
| Suppress in OPAC | No |
| Edition | 5th ed. |
| 952 ## - LOCATION AND ITEM INFORMATION (KOHA) | |
| -- | |
| 952 ## - LOCATION AND ITEM INFORMATION (KOHA) | |
| -- | |
| Withdrawn status | Lost status | Source of classification or shelving scheme | Damaged status | Not for loan | Home library | Current library | Shelving location | Date acquired | Source of acquisition | Cost, normal purchase price | Total Checkouts | Full call number | Barcode | Date last seen | Copy number | Price effective from | Koha item type | Uniform Resource Identifier |
|---|---|---|---|---|---|---|---|---|---|---|---|---|---|---|---|---|---|---|
| Dewey Decimal Classification | College Library | College Library | Filipiniana | 06/08/2011 | Donation | 0.00 | Fil. 624.1513 B554b 1998 | 48392 | 11/17/2025 | c1 | 11/17/2025 | BK - FIL | ||||||
| Dewey Decimal Classification | College Library | College Library | Filipiniana | 06/20/2008 | School Fund | 320.00 | Fil. 624.1513 B554b 1998 | 45879 | 11/26/2025 | c1 | 11/26/2025 | BK - FIL |